000 00760cam a22002051 4500
001 pa 61000047
003 DLC
005 20260227111855.0
008 780803s1961 dcu i000 0 eng c
010 _apa 61000047
035 _a(OCoLC)4108202
040 _aPan American Union. Library
_cMsHaU
_dIU
_dDLC
042 _apremarc
050 0 0 _aLA543
_b.A46
100 2 _aAguirre Beltrán, Gonzalo.
245 1 0 _aOrganization and structure of Latin American universities.
_c[Translated into English by the Documentation and Information Service of the Division of Education, Dept. of Cultural Affairs, Pan American Union]
260 _aWashington,
_bPan American Union
_c[1961]
300 _a21 p.
_c28 cm.
650 0 _aUniversities and colleges
_zLatin America.
999 _c51472
_d51472